00887nam a2200241 a 4500001001000000003000500010005001700015008004100032010001100073011001100084020001800095040000900113082001900122245016000141260008400301300001100385490002600396650003400422650003500456700004600491700003800537830007000575000110486CHAP20230411181215.0140903s2010 mx | |r| |||1|||spa|d a106948 a107920 a9786074012620 cCHAP04a338.47918bC7600aContra la domesticación del turismo :blos laberintos del turismo rural /cpor coordinadores Neptalí Monterroso Salvatierra y Lilia Zizumbo Villarreal.3 aMéxico :bUAEM. Facultad de Ciencias Políticas y SocialesbPorrúa,c2010. a258 p.0 aLas ciencias sociales14aEcoturismozAmérica Latina.14aTurismo ruralzAmerica Latina.0 aMonterroso Salvatierra, Neptalíecoord.1 aZizumbo Villarreal, Liliaecoord.0 aLas ciencias sociales. Segunda década (Miguel Ángel Porrúa)